000 00921cam a22003013a 4500
001 1237
003 PGUSA
005 20140828082958.0
008 041006s2004||||xxu|||||s|||||000 1 eng d
040 _aPGUSA
_beng
042 _adc
050 4 _aPQ
100 1 _aBalzac, Honoré de,
_d1799-1850
245 1 0 _aFather Goriot
_h[electronic resource] /
_cHonoré de Balzac
260 _bProject Gutenberg,
_c2004
500 _aTranslation of Pere Goriot
506 _aPublic domain in the USA.
516 _aElectronic text
653 _aFrench fiction -- Translations into English
653 _aOlder men -- Fiction
653 _aParis (France) -- Fiction
653 _aFrance -- History -- Louis XVIII, 1814-1824 -- Fiction
653 _aFathers and daughters -- Fiction
700 1 _aMarriage, Ellen
830 0 _aProject Gutenberg
_v1237
856 4 0 _uhttp://www.gutenberg.org/ebooks/1237
942 _cEB
999 _c230585
_d230585